ბათუმის შოთა რუსთაველის სახელმწიფო უნივერსიტეტის ბიბლიოთეკა

Public papers of the presidents of the United States Jimmy Carter 1978. book II (ბიბ.ჩანაწერი № 50866)

000 -LEADER
fixed length control field 00957nam a2200205Ia 4500
001 - CONTROL NUMBER
control field 17821
003 - CONTROL NUMBER IDENTIFIER
control field GE_BSU
005 - DATE AND TIME OF LATEST TRANSACTION
control field 20200224170915.0
008 - FIXED-LENGTH DATA ELEMENTS--GENERAL INFORMATION
fixed length control field 181216s1979 xx |||||||||||||| ||eng||
040 ## - CATALOGING SOURCE
Transcribing agency GE_BSU
080 ## - UNIVERSAL DECIMAL CLASSIFICATION NUMBER
Universal Decimal Classification number 353.03(73) P-97
245 ## - TITLE STATEMENT
Title Public papers of the presidents of the United States Jimmy Carter 1978. book II
Remainder of title 1978 (in two books) Book II-june 30 to december 31, 1978
264 ## - PRODUCTION, PUBLICATION, DISTRIBUTION, MANUFACTURE, AND COPYRIGHT NOTICE
Place of production, publication, distribution, manufacture Washington :
Name of producer, publisher, distributor, manufacturer United States government printing office,
Date of production, publication, distribution, manufacture, or copyright notice 1979.
300 ## - PHYSICAL DESCRIPTION
Extent 2303 p.:
Dimensions 26 cm.
653 ## - INDEX TERM--UNCONTROLLED
keyword 1978 (in two books) Book II-june 30 to december 31, 1978
653 ## - INDEX TERM--UNCONTROLLED
keyword Public papers of the presidents of the United States Jimmy Carter 1980-81.
653 ## - INDEX TERM--UNCONTROLLED
keyword შეერთებული შტატების პრეზიდენტების ჯიმი კარტერი
653 ## - INDEX TERM--UNCONTROLLED
keyword სახელმწიფო ადმინისტრაციული მმართველობა
942 ## - ADDED ENTRY ELEMENTS (KOHA)
Koha item type წიგნი
Source of classification or shelving scheme
ეგზემპლარები
Withdrawn status Lost status Source of classification or shelving scheme Damaged status Not for loan Permanent Location Current Location Shelving location Date acquired Full call number Barcode Date last seen Copy number Price effective from Koha item type
          ბათუმის შოთა რუსთაველის სახელმწიფო უნივერსიტეტის მთავარი ბიბლიოთეკა ბათუმის შოთა რუსთაველის სახელმწიფო უნივერსიტეტის მთავარი ბიბლიოთეკა წიგნსაცავი 2018-12-17 353.03(73) P-97 45697 2018-12-17 45697 2018-12-17 წიგნი